Organizaciones no gubernamentales [documento web] /
Guardado en:
| Formato: | Libro |
|---|---|
| Publicado: |
:
,
19971
|
| Etiquetas: |
Agregar Etiqueta
Sin Etiquetas, Sea el primero en etiquetar este registro!
|
| LEADER | 00340nam a22001215a 4500 | ||
|---|---|---|---|
| 001 | CEM.cems010268 | ||
| 005 | 20060214000000.0 | ||
| 008 | 130507b######################000#0#####d | ||
| 003 | CEMS | ||
| 082 | 0 | 4 | |a F060 |
| 245 | 0 | 0 | |a Organizaciones no gubernamentales [documento web] / |
| 260 | |a : |b , |c 19971 | ||
| 859 | |a CEMS |b BIB. CEMS - 11 de abril |h F060 |i 2 |p 1671.44 |t Ej.1 | ||
